00719nam a2200229 a 4500001001300000003000900013005001700022008004100039020002300080082001300103100001900116245008100135260004700216300001000263500003500273505001000308650002300318902000800341942000700349952011600356999001700472nice12345678IN_TiNIC20260116014113.0121107s2006 newa grp 000 0 eng  a9788120333154c59500a109bBEA aBeakley, Brian aPhilosophy of Mindb Classical Problems/contemporary Issues (second Edition) aNew Delhi bPHI Learning Pvt. Ltd., c2006 a1055p aincludes index and biblioraphy2 aIndex aPhilosophy-History bSRS cBK 001040708REFaHMIbHMIcREFd2012-11-07g595.00l4o109 BEAp023888r2018-11-14s2018-11-01w2026-01-16yBK c13891d13891